Modelování rozhodovacích procesů

Saved in:
Bibliographic Details
Main Author: Černý, Jiří
Format: Book
Language:Czech
Published: Praha Institut pro výchovu vedoucích pracovníků Ministerstva průmyslu ČSR 1985
Tags: Add Tag
No Tags, Be the first to tag this record!

MARC

LEADER 00000nam a2200000 4500
001 c104870
005 20251110130629.3
041 0 |a cze 
044 |a CZ 
245 1 0 |a Modelování rozhodovacích procesů  |c Jiří Černý 
264 1 |a Praha  |b Institut pro výchovu vedoucích pracovníků Ministerstva průmyslu ČSR  |c 1985 
300 |a 109 s. 
100 1 |a Černý, Jiří